Top 10 des pays dans les attaques de requins - Statistiques

Statistiques générales
  • Ce quiz a été pris 571 fois
  • Le résultat moyen est 6 sur 10
Statistiques - réponses
# Pays % Correct
2 Australie
94%
1 États-Unis
93%
4 Brésil
78%
7 Mexique
75%
3 Afrique du Sud
69%
5 Nouvelle-zelande
64%
10 Inde
61%
9 Fidji
21%
6 Papouasie-Nouvelle-Guinée
17%
8 Iran
9%
Aucun quiz correspondant
Distribution des résultats
% des personnes avec chaque résultat
Percentile par nombre de réponses
Votre historique - résultats
Vous n’avez pas pris ce quiz